000
00361nam a2200133Ia 4500
003
GCL
008
140319s9999 xx 000 0 ara d
040
_a
GCL /
_c
GCL
082
0
4
_a
813.01
_b
م ح
100
1
_a
محمد كمال محمد
245
1
0
_a
حب وحصاد : مجموعة قصص قصيرة /
_c
محمد كمال محمد
300
_a
112 ص
490
_a
999
_c
47539
_d
47539